000 01335nam a22003737a 4500
003 CHAP
005 20220817043237.0
008 971013s1989 r 00010 d
010 _a69372
011 _a70344
035 _a79825
040 _cCHAP
090 _aTesis
100 0 0 _aMendoza Pérez, Santiago.
_974723
245 _aRespuesta del frijol (Phaseolus vulgaris L) a los fertilizantes foliares como complemento a los edáficos en Villaflores, Chiapas
260 _aChapingo, Méx. :
_bEl autor,
_c1989
300 _a80 h.
_b; gráfs.
502 _aTesis (Ing. Agrónomo Esp. en Suelos) -- UACH. Departamento de Suelos 34-26
590 _aALEPH
_b10
_c20130110
_lUCH01
_h1407
590 _aBATCH-UPD
_b10
_c20130110
_lUCH01
_h0324
590 _aBATCH-UPD
_b10
_c20130110
_lUCH01
_h2058
590 _aBATCH-UPD
_b10
_c20130409
_lUCH01
_h2357
590 _aBATCH-UPD
_b10
_c20130914
_lUCH01
_h1359
590 _aCONVERSION
_b10
_c20130109
_lUCH01
_h1338
650 1 4 _aFertilización foliar.
_940445
650 1 4 _aFertilizantes
_xEfecto en frijol.
_940511
650 1 4 _aFrijol
_xRendimiento.
_943429
650 1 4 _aFrijol
_zChiapas.
_943455
710 0 _aUACH. Departamento de Suelos.
901 _aBK
942 _cTESIS
949 _bBC
_cTES
_d-32715
_eTS1
_h22147
_i79825
_si
949 _bBC
_cTES
_d-98343
_eTS1
_fc.2
_h22148
_i79825
_si
999 _c69372
_d69372